[Event "GLOCAL SQUARE 53rd National Challengers Chess Cham"]
[Site "Naivedhyam Celebration Centre, Nagpur"]
[Date "2015.08.22"]
[Round "8"]
[Board "13"]
[White "Raghunandan, Kaumandur Srihari"]
[Black "Himanshu, Sharma"]
[Result "1-0"]
[WhiteElo "2221"]
[BlackElo "2417"]
[PlyCount "125"]
[EventDate "2015.08.17"]
[EventRounds "13"]
[EventCountry "IND"]

1. d4 d5 2. c4 e6 3. Nc3 Nf6 4. cxd5 exd5 5. Bg5 c6 6. e3 Be7 7. Bd3 Nbd7 8.
Bf4 Nf8 9. h3 Ne6 10. Be5 O-O 11. Nge2 Bd6 12. Qc2 g6 13. Bxd6 Qxd6 14. O-O Re8
15. Rab1 Bd7 16. b4 b6 17. Ng3 Kg7 18. Qb2 h5 19. Rfe1 h4 20. Nf1 Re7 21. Nd2
Rh8 22. Nf3 Nh7 23. b5 Neg5 24. Ne5 Nf6 25. bxc6 Bxc6 26. Rec1 Be8 27. Qc2 Ne6
28. Qb3 g5 29. Bb5 Nc5 30. Qc2 Nce4 31. Bxe8 Nxc3 32. Qxc3 Rhxe8 33. Qb4 Qe6
34. Rc6 Qf5 35. Rbc1 Ne4 36. Ng4 Re6 37. Rc7 a5 38. Qb5 Nd2 39. Ne5 Rf6 40.
Qxe8 Qxf2+ 41. Kh1 Ne4 42. Rxf7+ Rxf7 43. Qxf7+ Qxf7 44. Nxf7 Kxf7 45. Rc7+ Ke6
46. Rc6+ Kf5 47. Rxb6 Nc3 48. Kg1 a4 49. a3 Nd1 50. Rb4 Nc3 51. Kf2 Ke4 52. Rb7
Kd3 53. Kf3 Kc4 54. Rb4+ Kd3 55. Kg4 Ne4 56. Rxa4 Kxe3 57. Rb4 Nd2 58. a4 Nc4
59. a5 Nxa5 60. Rb5 Nc4 61. Rxd5 Ke4 62. Rxg5 Kxd4 63. Kxh4 1-0

[Event "GLOCAL SQUARE 53rd National Challengers Chess Cham"]
[Site "Naivedhyam Celebration Centre, Nagpur"]
[Date "2015.08.22"]
[Round "8"]
[Board "14"]
[White "Rathnakaran, K."]
[Black "Hemant, Sharma (del)"]
[Result "1-0"]
[WhiteElo "2417"]
[BlackElo "2270"]
[PlyCount "61"]
[EventDate "2015.08.17"]
[EventRounds "13"]
[EventCountry "IND"]

1. e4 c5 2. Nf3 Nc6 3. Bb5 g6 4. O-O Bg7 5. Re1 e5 6. Bxc6 dxc6 7. h3 Nh6 8. d3
f6 9. Be3 Qe7 10. a4 Be6 11. Nbd2 O-O 12. a5 Nf7 13. Ra3 f5 14. Nb3 b6 15. exf5
gxf5 16. Qa1 f4 17. Bxf4 exf4 18. axb6 Qd6 19. Rxa7 Rab8 20. Rxe6 Qxe6 21. Nxc5
Qd5 22. Nd7 Ng5 23. Nxb8 Nxf3+ 24. gxf3 Qxf3 25. Nd7 Qxh3 26. Qf1 Qg4+ 27. Qg2
Qd1+ 28. Kh2 Qh5+ 29. Qh3 Qe2 30. Qh4 Rf5 31. b7 1-0

[Event "GLOCAL SQUARE 53rd National Challengers Chess Cham"]
[Site "Naivedhyam Celebration Centre, Nagpur"]
[Date "2015.08.22"]
[Round "8"]
[Board "15"]
[White "Dhulipalla, Bala Chandra Prasad"]
[Black "Ravi, Teja S."]
[Result "1-0"]
[WhiteElo "2216"]
[BlackElo "2416"]
[PlyCount "97"]
[EventDate "2015.08.17"]
[EventRounds "13"]
[EventCountry "IND"]

1. Nf3 d5 2. g3 Nf6 3. Bg2 g6 4. O-O Bg7 5. d3 c5 6. Nbd2 Nc6 7. e4 O-O 8. Re1
e5 9. c3 h6 10. exd5 Nxd5 11. Nc4 Re8 12. Qb3 b6 13. a4 Rb8 14. Qc2 Qc7 15. Bd2
Be6 16. Re2 Rbd8 17. Rae1 Bf5 18. Nh4 Ndb4 19. cxb4 Nd4 20. Qc1 Nxe2+ 21. Rxe2
Bxd3 22. Bf1 cxb4 23. Re3 Qxc4 24. Bxd3 Qxc1+ 25. Bxc1 Rd5 26. Ng2 Rc8 27. Bd2
Rcd8 28. Ne1 a5 29. f3 Bf8 30. Kf1 Kg7 31. Ke2 f5 32. b3 Bc5 33. Bc1 b5 34.
Bxb5 Rd1 35. Rd3 R1xd3 36. Nxd3 Bd4 37. Nb2 g5 38. Nc4 Ra8 39. g4 Kf6 40. Bd7
fxg4 41. fxg4 Ke7 42. Bc6 Rf8 43. Bf3 Bg1 44. Be3 Bxe3 45. Kxe3 Rc8 46. Bd5 h5
47. gxh5 g4 48. Be4 Kf6 49. h6 1-0

[Event "GLOCAL SQUARE 53rd National Challengers Chess Cham"]
[Site "Naivedhyam Celebration Centre, Nagpur"]
[Date "2015.08.22"]
[Round "8"]
[Board "16"]
[White "Nitin, S."]
[Black "Sekar, B"]
[Result "1-0"]
[WhiteElo "2404"]
[BlackElo "2214"]
[PlyCount "149"]
[EventDate "2015.08.17"]
[EventRounds "13"]
[EventCountry "IND"]

1. e4 c5 2. Nf3 d6 3. d4 cxd4 4. Nxd4 Nf6 5. Nc3 a6 6. Rg1 e6 7. g4 Nfd7 8. g5
b5 9. h4 Bb7 10. h5 b4 11. Nce2 g6 12. Ng3 Nc5 13. Bg2 e5 14. Nb3 Ne6 15. Be3
Nc6 16. Qg4 Be7 17. Rh1 Rg8 18. O-O-O Bxg5 19. Bxg5 Qxg5+ 20. Qxg5 Nxg5 21.
Rxd6 Ke7 22. Rhd1 Rad8 23. R6d5 f6 24. Nc5 Bc8 25. Bf1 Nb8 26. Bc4 Rgf8 27. h6
Nh3 28. Nd3 Be6 29. Rc5 Rc8 30. Rxc8 Rxc8 31. Bd5 Bxd5 32. exd5 Rc4 33. d6+ Ke6
34. Ne4 Nd7 35. f3 f5 36. Nd2 Rd4 37. Nb3 Rxd6 38. Nxb4 Ng5 39. Rg1 Nf7 40. c4
Rb6 41. a3 Rb8 42. c5 a5 43. Nxa5 Nxc5 44. Nac6 Rc8 45. Kb1 Nxh6 46. Rc1 Kd6
47. Rd1+ Ke6 48. Rc1 Kd6 49. Na5 Ra8 50. Nc4+ Ke6 51. Nb6 Rb8 52. N4d5 Kd6 53.
Rh1 Ng8 54. Rd1 Ke6 55. b4 Nb3 56. Nc7+ Kf7 57. Nd7 Rb7 58. Nxe5+ Kf6 59. Nd7+
Kf7 60. Na6 Nf6 61. Nxf6 Kxf6 62. Ka2 Ra7 63. Nb8 Na5 64. bxa5 Rxa5 65. Nc6 Rc5
66. Nd4 g5 67. Kb3 g4 68. f4 h5 69. Rh1 Kg6 70. a4 Rc8 71. a5 Ra8 72. Kb4 g3
73. Rh3 h4 74. Rxh4 Rd8 75. Ne2 1-0

[Event "GLOCAL SQUARE 53rd National Challengers Chess Cham"]
[Site "Naivedhyam Celebration Centre, Nagpur"]
[Date "2015.08.22"]
[Round "8"]
[Board "17"]
[White "Sharma, Dinesh K."]
[Black "Iniyan, P"]
[Result "1-0"]
[WhiteElo "2363"]
[BlackElo "2214"]
[PlyCount "132"]
[EventDate "2015.08.17"]
[EventRounds "13"]
[EventCountry "IND"]

1. e4 c5 2. Nf3 d6 3. d4 cxd4 4. Nxd4 Nf6 5. Nc3 a6 6. Be3 e6 7. f3 b5 8. Qd2
Nbd7 9. g4 Nb6 10. Qf2 Nfd7 11. O-O-O Bb7 12. Kb1 Rc8 13. g5 Qc7 14. Ndxb5 axb5
15. Nxb5 Qc6 16. Na7 Qc7 17. Bb5 Na8 18. Nxc8 Bxc8 19. Rd3 Be7 20. Rc3 Qd8 21.
Bc6 Ba6 22. Ra3 Qc8 23. Ba4 Bb7 24. Rc3 Qd8 25. Rb3 Qc7 26. Qe2 O-O 27. Qb5 Bc8
28. Qc6 Qxc6 29. Bxc6 Nc7 30. Rc3 Ne5 31. Ba4 Na6 32. f4 Ng6 33. Bb5 Nc5 34.
Bc6 Ba6 35. Ra3 Rc8 36. Rxa6 Nxa6 37. Bb7 Rc4 38. b3 Nc5 39. bxc4 Nxb7 40. Kb2
f6 41. gxf6 Bxf6+ 42. Kb3 Kf7 43. Kb4 Ke7 44. Kb5 Kd7 45. a4 Bc3 46. Rd1 Kc8
47. Rb1 Ne7 48. Bb6 d5 49. e5 dxc4 50. a5 Nd5 51. a6 Nxb6 52. Kxb6 Bd4+ 53. Kb5
Nd8 54. Kxc4 Nc6 55. Rb7 g6 56. Rxh7 Be3 57. Kd3 Bg1 58. c3 Kb8 59. h3 Bc5 60.
Rb7+ Kc8 61. Rf7 g5 62. Ke4 gxf4 63. Rxf4 Nb8 64. h4 Nd7 65. h5 Nf8 66. Rf7 Kb8
 1-0

[Event "GLOCAL SQUARE 53rd National Challengers Chess Cham"]
[Site "Naivedhyam Celebration Centre, Nagpur"]
[Date "2015.08.22"]
[Round "8"]
[Board "18"]
[White "Gokhale, Chandrashekhar"]
[Black "Harsha, Bharathakoti"]
[Result "0-1"]
[WhiteElo "2218"]
[BlackElo "2360"]
[PlyCount "56"]
[EventDate "2015.08.17"]
[EventRounds "13"]
[EventCountry "IND"]

1. Nf3 d5 2. g3 Nf6 3. Bg2 c5 4. O-O g6 5. d3 Bg7 6. Nbd2 O-O 7. e4 e6 8. Re1
Nc6 9. c3 a5 10. a4 b6 11. exd5 exd5 12. Nf1 Ba6 13. Bf4 Nh5 14. Bg5 Qd6 15. d4
Rfe8 16. Qd2 cxd4 17. Nxd4 Nxd4 18. cxd4 Nf6 19. Qf4 Qxf4 20. Bxf4 Ne4 21. Be5
Bxe5 22. dxe5 Bxf1 23. Kxf1 Rxe5 24. Rad1 Rae8 25. Kg1 Nf6 26. Rxe5 Rxe5 27.
Kf1 Kf8 28. Rd3 Ne4 0-1

[Event "GLOCAL SQUARE 53rd National Challengers Chess Cham"]
[Site "Naivedhyam Celebration Centre, Nagpur"]
[Date "2015.08.22"]
[Round "8"]
[Board "19"]
[White "Konguvel, Ponnuswamy"]
[Black "Gajwa, Ankit"]
[Result "1/2-1/2"]
[WhiteElo "2340"]
[BlackElo "2143"]
[PlyCount "54"]
[EventDate "2015.08.17"]
[EventRounds "13"]
[EventCountry "IND"]

1. e4 e5 2. Nf3 Nc6 3. Bb5 Nge7 4. Nc3 g6 5. d4 exd4 6. Nd5 Bg7 7. Bg5 h6 8.
Bf6 Bxf6 9. Nxf6+ Kf8 10. O-O a6 11. Bc4 Kg7 12. Qd2 Kxf6 13. Qf4+ Nf5 14. exf5
g5 15. Qg4 d5 16. Bd3 Kg7 17. Rfe1 h5 18. Qg3 f6 19. Re2 Qd6 20. Rae1 Qxg3 21.
hxg3 Rf8 22. c3 dxc3 23. bxc3 Bd7 24. Nd4 Nxd4 25. Re7+ Rf7 26. cxd4 Kf8 27.
R7e3 Re8 1/2-1/2

[Event "GLOCAL SQUARE 53rd National Challengers Chess Cham"]
[Site "Naivedhyam Celebration Centre, Nagpur"]
[Date "2015.08.22"]
[Round "8"]
[Board "20"]
[White "Rajdeep, Sarkar"]
[Black "Kulkarni, Vikramaditya"]
[Result "1-0"]
[WhiteElo "2154"]
[BlackElo "2322"]
[PlyCount "77"]
[EventDate "2015.08.17"]
[EventRounds "13"]
[EventCountry "IND"]

1. d4 Nf6 2. Nf3 g6 3. g3 Bg7 4. Bg2 O-O 5. O-O d6 6. c4 Nbd7 7. Nc3 e5 8. e4
c6 9. b3 Qa5 10. Bb2 a6 11. dxe5 dxe5 12. a3 Qc7 13. b4 b5 14. Nd2 Rd8 15. Qc2
Nf8 16. Ne2 Bg4 17. f3 Bh6 18. Rfd1 Be6 19. cxb5 Qb6+ 20. Kh1 Qxb5 21. Bf1 Qd3
22. Qxd3 Rxd3 23. Nf4 Rd7 24. Nxe6 Nxe6 25. Nc4 c5 26. Nxe5 Rxd1 27. Rxd1 Bg7
28. bxc5 Nxc5 29. Bc4 Rb8 30. Bxf7+ Kf8 31. Ba1 Nb3 32. Nd7+ Nxd7 33. Bxg7+
Kxg7 34. Rxd7 Nc5 35. Rc7 Rb1+ 36. Kg2 Rb2+ 37. Kh3 Kf6 38. Rxc5 Kxf7 39. f4
 1-0

[Event "GLOCAL SQUARE 53rd National Challengers "]
[Site "Naivedhyam Celebration Centre,"]
[Date "2015.08.23"]
[Round "9.1"]
[White "Karthikeyan, Murali"]
[Black "Anurag, Mhamal"]
[Result "1-0"]
[WhiteElo "2510"]
[BlackElo "2393"]
[PlyCount "27"]
[EventDate "2015.08.17"]
[EventRounds "13"]
[EventCountry "IND"]

1. e4 {Black had in the previous round destroyed a Grandmaster in spectacular
style. To lose a game like this on the top-board must have been a heavy blow
psychologically.} c5 2. Nf3 g6 3. d4 cxd4 4. Nxd4 Bg7 5. c4 Nc6 6. Be3 Nf6 7.
Nc3 O-O 8. Be2 d6 9. O-O Ng4 $4 {Black walks into a very old and well-known
trap.} 10. Bxg4 Bxg4 11. Nxc6 {Of course! White is just a piece up.} Bxd1 12.
Nxd8 Bc2 13. Nxb7 Rfb8 14. Rac1 1-0

[Event "GLOCAL SQUARE 53rd National Challengers Chess Cham"]
[Site "Naivedhyam Celebration Centre, Nagpur"]
[Date "2015.08.23"]
[Round "9"]
[Board "2"]
[White "Laxman, R.R."]
[Black "Neelotpal, Das"]
[Result "1/2-1/2"]
[WhiteElo "2425"]
[BlackElo "2448"]
[PlyCount "33"]
[EventDate "2015.08.17"]
[EventRounds "13"]
[EventCountry "IND"]

1. e4 e5 2. Nf3 Nc6 3. Bb5 a6 4. Ba4 Nf6 5. O-O Be7 6. Re1 b5 7. Bb3 d6 8. c3
O-O 9. h3 Re8 10. d4 Bb7 11. Ng5 Rf8 12. Nf3 Re8 13. Ng5 Rf8 14. Nf3 Re8 15.
Ng5 Rf8 16. Nf3 Re8 17. Ng5 1/2-1/2

[Event "GLOCAL SQUARE 53rd National Challengers Chess Cham"]
[Site "Naivedhyam Celebration Centre, Nagpur"]
[Date "2015.08.23"]
[Round "9"]
[Board "3"]
[White "Kunte, Abhijit"]
[Black "Sengupta, Deep"]
[Result "1-0"]
[WhiteElo "2493"]
[BlackElo "2594"]
[PlyCount "131"]
[EventDate "2015.08.17"]
[EventRounds "13"]
[EventCountry "IND"]

1. Nf3 d5 2. g3 Nf6 3. Bg2 Bf5 4. c4 c6 5. Qb3 Qb6 6. d3 e6 7. Be3 dxc4 8. dxc4
Qxb3 9. axb3 Bxb1 10. Rxb1 Bb4+ 11. Bd2 Na6 12. Ne5 Rd8 13. Nd3 Bxd2+ 14. Kxd2
e5 15. Kc3 e4 16. Ne1 Ng4 17. Nc2 Nxf2 18. Rhf1 Ng4 19. Rf4 Nf6 20. Bxe4 Nc5
21. Bd3 O-O 22. b4 Ne6 23. Rf5 b6 24. b3 Rfe8 25. Rbf1 Re7 26. h3 h6 27. Re5
Kf8 28. h4 Ng4 29. Re4 Nf6 30. Re5 Nd7 31. Re3 a5 32. Bf5 Rde8 33. bxa5 bxa5
34. Ra1 Nec5 35. Rxe7 Rxe7 36. Rxa5 Rxe2 37. b4 g6 38. Bxd7 Nxd7 39. Ra7 Nf6
40. Ra6 Rg2 41. Rxc6 Rxg3+ 42. Kd4 Rg4+ 43. Ke5 Ne4 44. b5 Ke7 45. Ne3 f6+ 46.
Kd5 Nc3+ 47. Kc5 Ne4+ 48. Kb6 Rxh4 49. Kc7 Rh3 50. Nd5+ Kf7 51. b6 Rb3 52. b7
Rxb7+ 53. Kxb7 g5 54. Rc7+ Kg6 55. Kb6 h5 56. Re7 Nd6 57. c5 Nc4+ 58. Kb5 Na3+
59. Kb4 Nc2+ 60. Kc3 Na3 61. Rb7 h4 62. Rb3 h3 63. Rxa3 h2 64. Ra1 g4 65. c6 g3
66. c7 1-0

[Event "GLOCAL SQUARE 53rd National Challengers Chess Cham"]
[Site "Naivedhyam Celebration Centre, Nagpur"]
[Date "2015.08.23"]
[Round "9"]
[Board "4"]
[White "Sharma, Dinesh K."]
[Black "Lalith, Babu M.R."]
[Result "0-1"]
[WhiteElo "2363"]
[BlackElo "2570"]
[PlyCount "90"]
[EventDate "2015.08.17"]
[EventRounds "13"]
[EventCountry "IND"]

1. e4 c6 2. d4 d5 3. e5 Bf5 4. Nf3 e6 5. Be2 Nd7 6. O-O h6 7. Nbd2 Ne7 8. c3 a6
9. Nb3 Qc7 10. Ne1 Bh7 11. f4 c5 12. Be3 Nf5 13. Bf2 g5 14. fxg5 hxg5 15. Nf3
Be7 16. g4 Nh4 17. Nbd2 Ng6 18. Bg3 Nf4 19. Re1 O-O-O 20. Bf1 Rhg8 21. Rc1 Kb8
22. b4 c4 23. Bxf4 gxf4 24. h3 Rde8 25. Qe2 f6 26. exf6 Bxf6 27. Qf2 e5 28.
dxe5 Nxe5 29. Nxe5 Bxe5 30. Nf3 Bf6 31. Bg2 Be4 32. Nd2 f3 33. Nxf3 Ref8 34.
Rf1 Rh8 35. Qe1 Be7 36. Nd4 Rxf1+ 37. Qxf1 Bg5 38. Bxe4 dxe4 39. Kg2 Qh7 40.
Kf2 Bxc1 41. Qxc1 Qh4+ 42. Ke2 Qxh3 43. Qf4+ Ka8 44. Qxe4 Qxc3 45. Nf3 Qb2+ 0-1

[Event "GLOCAL SQUARE 53rd National Challengers Chess Cham"]
[Site "Naivedhyam Celebration Centre, Nagpur"]
[Date "2015.08.23"]
[Round "9"]
[Board "5"]
[White "Satyapragyan, Swayangsu"]
[Black "Venkatesh, M.R."]
[Result "0-1"]
[WhiteElo "2397"]
[BlackElo "2484"]
[PlyCount "68"]
[EventDate "2015.08.17"]
[EventRounds "13"]
[EventCountry "IND"]

1. e4 e5 2. Nf3 Nc6 3. Bb5 g6 4. c3 a6 5. Ba4 d6 6. d3 Bd7 7. Bg5 f6 8. Be3 Nh6
9. Bb3 Qe7 10. Nbd2 Nf7 11. h4 h5 12. Nf1 Bg7 13. Bd2 Ncd8 14. Ne3 c6 15. Qc2
Nh6 16. d4 Ng4 17. dxe5 dxe5 18. Nh2 Nxh2 19. Rxh2 Ne6 20. Rh1 Rd8 21. Bc4 b5
22. Bf1 Qf7 23. O-O-O O-O 24. Kb1 f5 25. g3 Nc5 26. exf5 gxf5 27. Bh3 Be6 28.
c4 Nd3 29. Ba5 bxc4 30. Bxd8 Rxd8 31. Nxf5 Bxf5 32. Bxf5 Qxf5 33. Qxc4+ Kh8 34.
Qc2 e4 0-1

[Event "GLOCAL SQUARE 53rd National Challengers Chess Cham"]
[Site "Naivedhyam Celebration Centre, Nagpur"]
[Date "2015.08.23"]
[Round "9"]
[Board "6"]
[White "K., Praneeth Surya"]
[Black "Thejkumar, M. S."]
[Result "1-0"]
[WhiteElo "2347"]
[BlackElo "2479"]
[PlyCount "153"]
[EventDate "2015.08.17"]
[EventRounds "13"]
[EventCountry "IND"]

1. e4 c6 2. d4 d5 3. e5 c5 4. dxc5 Nc6 5. Nf3 Bg4 6. c3 e6 7. Be3 Nge7 8. Nbd2
Nf5 9. Bd4 Be7 10. Bb5 O-O 11. Bxc6 bxc6 12. h3 Bh5 13. Qa4 Qc7 14. O-O Bg6 15.
Qa6 Rfc8 16. b4 Nxd4 17. Nxd4 f6 18. exf6 Bxf6 19. Nxe6 Qe5 20. Nd4 Qf4 21.
N2f3 Be4 22. Qe2 a5 23. a3 Qh6 24. Nd2 Bg6 25. Qe3 Qh5 26. g4 Qh4 27. Qg3 Qxg3+
28. fxg3 Re8 29. Rae1 axb4 30. axb4 Ra3 31. Rxe8+ Bxe8 32. N2b3 Bxd4+ 33. Nxd4
Rxc3 34. Ne6 Bf7 35. Nd8 Be8 36. Re1 Kf8 37. Ne6+ Kg8 38. Kf2 Bd7 39. Nf4 Kf7
40. Re3 Rc2+ 41. Ke1 g5 42. Nd3 Kf6 43. Re2 Rc3 44. Kd2 Ra3 45. Rf2+ Ke7 46.
Rf3 h6 47. Ke3 Bc8 48. Kd4 Ra4 49. Ne5 Rxb4+ 50. Kc3 Ra4 51. Nxc6+ Kd7 52. Rf6
Rc4+ 53. Kd3 Rxc5 54. Ne5+ Ke7 55. Rxh6 Be6 56. Nf3 Ra5 57. Nxg5 Ra3+ 58. Kd4
Bd7 59. Rh7+ Kd6 60. Nf7+ Ke6 61. Nd8+ Kd6 62. Nb7+ Kc6 63. Nc5 Bc8 64. Rh6+
Kc7 65. Kxd5 Rxg3 66. Rh4 Kb6 67. Ne4 Bb7+ 68. Kd4 Rg2 69. Ke3 Bd5 70. Kf4 Kc7
71. Rh7+ Kd8 72. Nf6 Bc4 73. h4 Rf2+ 74. Kg5 Be6 75. h5 Rb2 76. h6 Rb5+ 77. Kh4
 1-0

[Event "GLOCAL SQUARE 53rd National Challengers Chess Cham"]
[Site "Naivedhyam Celebration Centre, Nagpur"]
[Date "2015.08.23"]
[Round "9"]
[Board "7"]
[White "Swapnil, S. Dhopade"]
[Black "Gomes, Mary Ann"]
[Result "1-0"]
[WhiteElo "2458"]
[BlackElo "2314"]
[PlyCount "111"]
[EventDate "2015.08.17"]
[EventRounds "13"]
[EventCountry "IND"]

1. d4 e6 2. c4 Nf6 3. Nf3 Bb4+ 4. Bd2 Qe7 5. g3 Bxd2+ 6. Qxd2 Nc6 7. Nc3 d5 8.
Ne5 Nxe5 9. dxe5 Nd7 10. cxd5 Nxe5 11. Bg2 O-O 12. O-O Nc4 13. Qc2 Nd6 14. Rac1
e5 15. Na4 Bd7 16. Nc5 Rac8 17. Qb3 Be8 18. Ne4 Rb8 19. Qa3 a6 20. Qc5 f5 21.
Nd2 Rc8 22. e4 f4 23. Bh3 Bd7 24. Bxd7 Qxd7 25. f3 fxg3 26. hxg3 Rf6 27. Kg2
Nf7 28. Qe3 Rf8 29. Rh1 h6 30. Qb3 Ng5 31. Rc3 Kh8 32. Rd3 c6 33. a3 b5 34. Qc3
cxd5 35. Qxe5 Nf7 36. Qd4 Qe7 37. Re3 Re8 38. e5 Rg6 39. f4 Nd6 40. Qd3 Qe6 41.
Rh5 Nc4 42. Rf3 Nxd2 43. Qxd2 Qg4 44. Rh1 Rc8 45. Rc1 Rxc1 46. Qxc1 Qf5 47. Qd2
Qe4 48. Qd3 Rc6 49. Qxe4 dxe4 50. Rc3 Rb6 51. b4 Kh7 52. f5 h5 53. Kf2 Kh6 54.
Ke3 Kg5 55. Kxe4 Rh6 56. Rc7 1-0

[Event "GLOCAL SQUARE 53rd National Challengers Chess Cham"]
[Site "Naivedhyam Celebration Centre, Nagpur"]
[Date "2015.08.23"]
[Round "9"]
[Board "8"]
[White "Harsha, Bharathakoti"]
[Black "Karthikeyan, P."]
[Result "1/2-1/2"]
[WhiteElo "2360"]
[BlackElo "2426"]
[PlyCount "125"]
[EventDate "2015.08.17"]
[EventRounds "13"]
[EventCountry "IND"]

1. Nf3 Nf6 2. c4 g6 3. Nc3 Bg7 4. g3 d6 5. d4 O-O 6. Bg2 Nbd7 7. O-O e5 8. e4
exd4 9. Nxd4 Re8 10. h3 Nc5 11. Re1 Bd7 12. Bf4 Qc8 13. Kh2 h6 14. b3 a5 15.
Rb1 Nh5 16. Be3 c6 17. Qd2 Kh7 18. f4 Qc7 19. Rbd1 Rad8 20. Qc2 Bc8 21. a3 Na6
22. Na4 Nf6 23. Nb5 cxb5 24. Bb6 Qe7 25. cxb5 Nb8 26. Bxd8 Rxd8 27. Nb6 Be6 28.
f5 Bd7 29. fxg6+ fxg6 30. e5 dxe5 31. Qc7 Re8 32. Nc4 Bxb5 33. Qxe7 Rxe7 34.
Nxe5 a4 35. bxa4 Bxa4 36. Rb1 b5 37. Nc6 Nxc6 38. Bxc6 Rxe1 39. Rxe1 Bf8 40.
Rb1 Bxa3 41. Bxb5 Bc2 42. Ra1 Bd6 43. Ra7+ Kh8 44. Ra6 Ne4 45. Kg2 Kg7 46. g4
Kf6 47. Rc6 Bb1 48. Rc1 Ba2 49. Bc4 Bf4 50. Rf1 Bxc4 51. Rxf4+ Kg5 52. Rf8 h5
53. gxh5 Kxh5 54. Kf3 Ng5+ 55. Kg3 Nf7 56. Rc8 Be6 57. Rc6 Bf5 58. Rc7 Ng5 59.
h4 Ne4+ 60. Kf4 Nf6 61. Rc5 Kxh4 62. Rxf5 Nh5+ 63. Ke5 1/2-1/2

[Event "GLOCAL SQUARE 53rd National Challengers Chess Cham"]
[Site "Naivedhyam Celebration Centre, Nagpur"]
[Date "2015.08.23"]
[Round "9"]
[Board "9"]
[White "Kathmale, Sameer"]
[Black "Shyaamnikhil, P"]
[Result "1/2-1/2"]
[WhiteElo "2288"]
[BlackElo "2420"]
[PlyCount "53"]
[EventDate "2015.08.17"]
[EventRounds "13"]
[EventCountry "IND"]

1. e4 c5 2. c3 e6 3. Nf3 d5 4. exd5 exd5 5. d4 Nc6 6. Be3 c4 7. b3 cxb3 8. axb3
Bd6 9. g3 h6 10. Bg2 Be6 11. O-O Nge7 12. Qd2 a6 13. Re1 Qd7 14. Bf4 Bxf4 15.
Qxf4 O-O 16. Nbd2 Rac8 17. Rec1 Ng6 18. Qe3 Rce8 19. Qd3 Bf5 20. Qf1 Re7 21.
Re1 Rc8 22. Rxe7 Qxe7 23. Bh3 Qd7 24. Bxf5 Qxf5 25. Re1 Na5 26. Re3 Qc2 27. b4
 1/2-1/2

[Event "GLOCAL SQUARE 53rd National Challengers Chess Cham"]
[Site "Naivedhyam Celebration Centre, Nagpur"]
[Date "2015.08.23"]
[Round "9"]
[Board "10"]
[White "Raghunandan, Kaumandur Srihari"]
[Black "Rathnakaran, K."]
[Result "1/2-1/2"]
[WhiteElo "2221"]
[BlackElo "2417"]
[PlyCount "137"]
[EventDate "2015.08.17"]
[EventRounds "13"]
[EventCountry "IND"]

1. d4 Nf6 2. c4 c5 3. d5 e6 4. Nf3 exd5 5. cxd5 d6 6. Nc3 a6 7. a4 g6 8. Bf4
Bg7 9. h3 O-O 10. e3 Re8 11. Bd3 Nh5 12. Bh2 f5 13. O-O b6 14. Qb3 Ra7 15. Nd2
Be5 16. Bxe5 dxe5 17. Nc4 Rb7 18. Be2 Qf6 19. Rfd1 Kh8 20. f4 exf4 21. Bxh5
gxh5 22. exf4 Rg8 23. Rd2 Qh4 24. Ne2 Rbg7 25. Qc3 Nd7 26. Kh2 b5 27. axb5 axb5
28. Nd6 Qf6 29. Nxc8 Rxc8 30. Ng3 Qg6 31. Re1 Rcg8 32. Nf1 Nf6 33. Qf3 Ne4 34.
Rde2 Qf7 35. Nd2 Rg3 36. Qf1 Qxd5 37. Nxe4 fxe4 38. Rxe4 c4 39. R1e2 Rxg2+ 40.
Qxg2 Rxg2+ 41. Kxg2 b4 42. Kh2 Kg7 43. b3 c3 44. Rxb4 Qd3 45. Rg2+ Kf6 46. Rc4
h4 47. Rc5 Qe3 48. Rc4 Qc1 49. b4 Qb2 50. b5 Qb3 51. Rc6+ Kf5 52. b6 Ke4 53. b7
Kd4 54. Rc7 Qb6 55. Rgg7 Kd3 56. Rc8 Qb2+ 57. Kh1 Qb1+ 58. Kh2 Qb2+ 59. Kh1 c2
60. Rxc2 Qb1+ 61. Rg1 Qxb7+ 62. Rgg2 Qf3 63. Rcd2+ Ke4 64. Rde2+ Kf5 65. Kh2
Qxf4+ 66. Kh1 Qf1+ 67. Kh2 Qf4+ 68. Kh1 Qf1+ 69. Kh2 1/2-1/2

[Event "GLOCAL SQUARE 53rd National Challengers Chess Cham"]
[Site "Naivedhyam Celebration Centre, Nagpur"]
[Date "2015.08.23"]
[Round "9"]
[Board "11"]
[White "Dhulipalla, Bala Chandra Prasad"]
[Black "Nitin, S."]
[Result "0-1"]
[WhiteElo "2216"]
[BlackElo "2404"]
[PlyCount "90"]
[EventDate "2015.08.17"]
[EventRounds "13"]
[EventCountry "IND"]

1. Nf3 g6 2. g3 Bg7 3. Bg2 e5 4. d3 Ne7 5. O-O O-O 6. e4 Nbc6 7. c3 d5 8. Nbd2
a5 9. Re1 dxe4 10. dxe4 a4 11. Qc2 h6 12. Bf1 Bg4 13. Bb5 f5 14. exf5 gxf5 15.
Nh4 Kh8 16. Nc4 e4 17. Ne3 Bh5 18. Neg2 Ne5 19. Nf4 Bf7 20. Rd1 Qc8 21. Be3 a3
22. b3 Bf6 23. Nfg2 Kh7 24. Kh1 Bh5 25. Be2 Bf3 26. Bxf3 exf3 27. Nf4 Bxh4 28.
gxh4 Rg8 29. Rg1 Ng4 30. Bc5 Nc6 31. Rae1 Qd7 32. Ne6 Qf7 33. Ng5+ hxg5 34.
Rxg4 Rae8 35. Rxe8 Rxe8 36. Be3 Qd5 37. Qb1 Rxe3 38. fxe3 f2+ 39. Rg2 gxh4 40.
e4 Qxe4 41. Qxe4 f1=Q+ 42. Rg1 Qxg1+ 43. Kxg1 fxe4 44. Kf2 Kg6 45. Ke3 Kf5 0-1

[Event "GLOCAL SQUARE 53rd National Challengers Chess Cham"]
[Site "Naivedhyam Celebration Centre, Nagpur"]
[Date "2015.08.23"]
[Round "9"]
[Board "12"]
[White "Stany, G.A."]
[Black "Rajdeep, Sarkar"]
[Result "1-0"]
[WhiteElo "2392"]
[BlackElo "2154"]
[PlyCount "141"]
[EventDate "2015.08.17"]
[EventRounds "13"]
[EventCountry "IND"]

1. e4 e5 2. Nc3 Nf6 3. Nf3 Nc6 4. Bb5 Bb4 5. O-O O-O 6. d3 d6 7. Bg5 Bxc3 8.
bxc3 Qe7 9. Re1 a6 10. Ba4 h6 11. Bh4 Bg4 12. h3 Bxf3 13. Qxf3 g5 14. Bg3 Ne8
15. h4 gxh4 16. Qg4+ Qg5 17. Qxh4 Qxh4 18. Bxh4 f5 19. exf5 Rxf5 20. Rab1 Rf4
21. Bb3+ Kg7 22. g3 Rf8 23. Bd5 Nf6 24. Bxf6+ Kxf6 25. Rxb7 Ne7 26. Bg2 c6 27.
d4 Rfc8 28. Rd7 Nf5 29. g4 Ke6 30. Rh7 Ne7 31. Rxh6+ Kd7 32. dxe5 dxe5 33. Rxe5
Rg8 34. Rhe6 Nd5 35. Bxd5 Rxg4+ 36. Kf1 cxd5 37. Rh6 Ra4 38. Rxd5+ Kc7 39. Rdd6
Rxa2 40. Rdf6 Rd8 41. Rxa6 Rxc2 42. Rh7+ Kb8 43. Rb6+ Kc8 44. Rc6+ Kb8 45. Rf7
Rd3 46. c4 Rdc3 47. Rb6+ Ka8 48. Rf4 Ka7 49. Rb1 Ra2 50. Kg2 Ka6 51. Rb8 Ka7
52. Rb4 Ra1 53. Rf7+ Ka6 54. Rb8 Rac1 55. Rf3 Rxf3 56. Kxf3 Rxc4 57. Kg3 Ka7
58. Rb1 Rd4 59. f4 Rc4 60. Kg4 Rd4 61. Kg5 Rd2 62. f5 Rg2+ 63. Kf6 Rg3 64. Ke6
Re3+ 65. Kf7 Rf3 66. f6 Rg3 67. Ke7 Re3+ 68. Kf8 Rf3 69. f7 Rf2 70. Re1 Kb6 71.
Ke7 1-0